Loading...
| Fine Arts - Auditory | 0 | 9 | 0 | 1 | 90 | 85 | 109.89 | 1 | 2 | 0.00 | 0.00 |
| Science - Biology | 1 | 5 | 0 | 2 | 65 | 68 | 92.00 | 0 | 2 | 0.00 | 0.00 |
| Fine Arts - Visual | 2 | 4 | 1 | 2 | 65 | 49 | 103.83 | 1 | 4 | 0.00 | 0.00 |
| Science - Physics | 0 | 3 | 0 | 2 | 30 | 105 | 117.00 | 0 | 1 | 0.00 | 0.00 |
| Fine Arts - Other | 0 | 2 | 0 | 1 | 20 | 138 | 141.00 | 0 | 0 | 0.00 | 0.00 |
| Science - Chemistry | 0 | 2 | 1 | 1 | 15 | 100 | 113.50 | 0 | 1 | 0.00 | 0.00 |
| Social Science- Edited | 0 | 1 | 0 | 0 | 10 | 116 | 116.00 | 0 | 0 | 0.00 | 0.00 |
| History - European | 0 | 1 | 0 | 1 | 10 | 117 | 117.00 | 0 | 0 | 0.00 | 0.00 |
| History - Other | 0 | 1 | 0 | 1 | 10 | 141 | 141.00 | 0 | 0 | 0.00 | 0.00 |
| Literature - European | 0 | 1 | 0 | 0 | 10 | 109 | 109.00 | 0 | 1 | 0.00 | 0.00 |
| Social Science | 0 | 1 | 0 | 0 | 10 | 102 | 102.00 | 0 | 1 | 0.00 | 0.00 |
| Literature - World | 0 | 1 | 1 | 1 | 5 | 138 | 138.00 | 0 | 0 | 0.00 | 0.00 |
| Religion | 0 | 0 | 0 | 0 | 0 | 0.00 | 0 | 0 | 0.00 | 0.00 | |
| Science - Other | 0 | 0 | 0 | 0 | 0 | 0.00 | 0 | 0 | 0.00 | 0.00 | |
| Literature - American | 0 | 0 | 0 | 0 | 0 | 0.00 | 0 | 0 | 0.00 | 0.00 | |
| Religion- | 0 | 0 | 0 | 0 | 0 | 0.00 | 0 | 0 | 0.00 | 0.00 |